Global custodian

Bibliographic Details
Format: Electronic Journal
Language:English
Published: [New York, N.Y.] : Asset International, [c1989]-
Subjects:
Online Access:Full text available from Research Library: 01/01/2009 to 10/31/2015

MARC

LEADER 00000nas a2200000 a 4500
001 ssj0000465042
003 WaSeSS
005 20200512172242.0
006 m d
007 cr n
008 891213c19899999ctuqx p s 0 a0eng
010 |a  89645152  
015 |a GB9669145  |2 bnb 
016 7 |a 009085759  |2 Uk 
022 |l 1047-8736  |y 1047-8736 
035 |a (WaSeSS)ssj0000465042 
037 |b Asset International, PO Box 1793, New York, NY 10113 
040 |a DLC  |b eng  |c DLC  |d NSD  |d DLC  |d NST  |d DLC  |d OCLCQ  |d DLC  |d OCLCQ  |d UKMGB  |d OCLCQ  |d OCLCF  |d OCLCO  |d LIP  |d XFH  |d U3G  |d WaSeSS 
042 |a pcc  |a nsdp 
050 0 0 |a HG3810  |b .G56 
082 0 0 |a 332/.042/05  |2 20 
222 0 |a Global custodian 
245 0 0 |a Global custodian  |h [electronic resource]. 
246 1 |i Issues for <summer plus 2008-> have title:  |a GC 
260 |a [New York, N.Y.] :  |b Asset International,  |c [c1989]- 
310 |a 5 no. per year,  |b 2001-<summer plus 2008-> 
321 |a Quarterly,  |b 1989-2000 
362 0 |a Sept. 1989- 
500 |a Title from cover. 
500 |a Published in Stamford, CT, <summer plus 2008-> 
500 |a Some issues accompanied by CD-ROMs, <summer plus 2008-> 
506 |a License restrictions may limit access. 
515 |a From 2001, a pre-conference issue is published each year. 
525 |a Some issues accompanied by supplements. 
588 |a Latest issue consulted: Summer plus 2008. 
650 0 |a International finance  |v Periodicals. 
650 0 |a Investments, Foreign  |v Periodicals. 
650 7 |a International finance.  |2 fast  |0 (OCoLC)fst00976945 
650 7 |a Investments, Foreign.  |2 fast  |0 (OCoLC)fst00978370 
653 1 |a International finance 
655 0 |a Electronic journals. 
770 0 |t International directory of custodian banks  |x 1939-6090  |w (DLC) 2007206083  |w (OCoLC)80570652 
850 |a DLC  |a NN 
856 4 0 |z Full text available from Research Library: 01/01/2009 to 10/31/2015  |u https://search.proquest.com/publication/826337